[Event "IND-ch U17 20th"]
[Site "Chakradharpur"]
[Date "2009.10.12"]
[Round "9"]
[White "Singh, Ankit K"]
[Black "Shyam, Nikil P"]
[Result "0-1"]
[WhiteElo "1773"]
[BlackElo "2410"]
[PlyCount "94"]
[EventDate "2009.10.07"]
[EventType "swiss"]
[EventRounds "11"]
[EventCountry "IND"]
[SourceTitle "CBM 132 Extra"]
[Source "ChessBase"]
[SourceDate "2009.11.03"]
[SourceVersion "1"]
[SourceVersionDate "2009.11.03"]
[SourceQuality "1"]

1. e4 c5 2. Nf3 d6 3. d4 cxd4 4. Nxd4 Nf6 5. Nc3 a6 6. Be2 e5 7. Nb3 Be7 8. 0-0 0-0 9. Be3 Be6 10. f3 Nbd7 11. Kh1 Rc8 12. Qe1 b5 13. a3 Nb6 14. g4 Nc4 15. Bc1 Nd7 16. Bd3 Ndb6 17. Qf2 Bh4 18. Qg1 Bg5 19. Rb1 Bxc1 20. Rfxc1 Nxb2 21. Rxb2 Rxc3 22. Rd1 Na4 23. Rbb1 Qa8 24. Qg3 Rfc8 25. Rf1 Bc4 26. f4 d5 27. Qg2 Rxd3 28. cxd3 Bxd3 29. exd5 Nc3 30. Rbe1 Bxf1 31. Rxf1 Qxd5 32. Qxd5 Nxd5 33. fxe5 Ne3 34. Re1 Nxg4 35. e6 fxe6 36. Rxe6 Rc3 37. Na5 Rxa3 38. Rxa6 b4 39. Ra8+ Kf7 40. Ra7+ Kg6 41. Nc6 Rxa7 42. Nxa7 b3 43. Nb5 b2 44. Nc3 Kf5 45. Kg2 Ke5 46. Kg3 Kd4 47. Nb1 Ne3 0-1

[Event "IND-ch U17 20th"]
[Site "Chakradharpur"]
[Date "2009.10.07"]
[Round "1"]
[White "Singh, Ankit K"]
[Black "Nitin, Senthilvel"]
[Result "0-1"]
[WhiteElo "1773"]
[BlackElo "2365"]
[PlyCount "90"]
[EventDate "2009.10.07"]
[EventType "swiss"]
[EventRounds "11"]
[EventCountry "IND"]
[SourceTitle "CBM 132 Extra"]
[Source "ChessBase"]
[SourceDate "2009.11.03"]
[SourceVersion "1"]
[SourceVersionDate "2009.11.03"]
[SourceQuality "1"]

1. e4 c5 2. Nf3 d6 3. d4 cxd4 4. Nxd4 Nf6 5. Nc3 a6 6. Be2 e5 7. Nb3 Be7 8. 0-0 0-0 9. Be3 Be6 10. f3 Nbd7 11. Kh1 b5 12. Bd3 Nb6 13. Bxb6 Qxb6 14. Nd5 Bxd5 15. exd5 Nh5 16. g3 g6 17. g4 Nf4 18. Qd2 Rac8 19. Rae1 Bh4 20. Re4 Nxd5 21. Qh6 Qd8 22. Qd2 Nf4 23. a4 Rb8 24. axb5 axb5 25. Rd1 Qf6 26. Rb4 Nd5 27. Be4 Nxb4 28. Qxb4 Rfd8 29. Rd5 Qf4 30. Rxb5 Rxb5 31. Qxb5 Qe3 32. Qd3 Qe1+ 33. Kg2 Qf2+ 34. Kh3 Bg5 35. c4 Bf4 36. Qc2 Qf1+ 37. Qg2 Qxc4 38. Nd2 Qb4 39. Nb1 d5 40. Bd3 Rb8 41. Nc3 Qd4 42. Bb5 Rb6 43. Qe2 Qc5 44. Ba4 g5 45. Bc2 Rh6+ 0-1